000 00417nam a22001697a 4500
005 20180711122445.0
008 160620b xxu||||| |||| 00| 0 eng d
020 _a978-81-203-2672-9
041 _aeng
082 _b8441
_a658.1511
100 _aBanerjee, Bhabatosh
_92271
245 _aFinancial policy and Mgt. Accounting
260 _bPHI
_anew delhi
300 _a802
650 _aManagement
_9241
942 _cBK
999 _c3228
_d3227